000 00213nam a2200097 a 4500
005 20140414132011.0
008 110310s19uu xx 00 eng d
050 _aVCD
_bP57
245 _aPinocchio.
999 _c113273
_d113273